|
|
|
|
| LEADER |
00000nam0a2200000 4500 |
| 001 |
367955 |
| 005 |
20231102012033.0 |
| 035 |
|
|
|a (RuTPU)RU\TPU\retro\25318
|
| 090 |
|
|
|a 367955
|
| 100 |
|
|
|a 20220328d1979 km y0rusy50 ca
|
| 101 |
0 |
|
|a rus
|
| 102 |
|
|
|a RU
|
| 105 |
|
|
|a a z 001zy
|
| 200 |
1 |
|
|a Разработка выбросоопасных угольных пластов
|f И. Ф. Морозов, Ф. Д. Шевяков, В. Г. Аршава
|
| 210 |
|
|
|a Москва
|c Недра
|d 1979
|
| 215 |
|
|
|a 206 с.
|c ил.
|
| 320 |
|
|
|a Библиогр.: с. 198-200
|
| 606 |
1 |
|
|a Пластовые месторождения
|x Подземная разработка
|2 stltpush
|3 (RuTPU)RU\TPU\subj\64927
|9 81615
|
| 610 |
1 |
|
|a угольные пласты
|
| 610 |
1 |
|
|a выбросоопасные пласты
|
| 610 |
1 |
|
|a разработка
|
| 610 |
1 |
|
|a Донецкий бассейн
|
| 610 |
1 |
|
|a внезапные выбросы
|
| 610 |
1 |
|
|a газодинамические явления
|
| 610 |
1 |
|
|a увлажнение
|
| 610 |
1 |
|
|a технико-экономическая эффективность
|
| 675 |
|
|
|a 622.272
|v 4
|
| 700 |
|
1 |
|a Морозов
|b И. Ф.
|g Иван Федорович
|
| 701 |
|
1 |
|a Шевяков
|b Ф. Д.
|g Федор Дмитриевич
|
| 701 |
|
1 |
|a Аршава
|b В. Г.
|g Виктор Гаврилович
|
| 801 |
|
1 |
|a RU
|b 63413507
|c 20220328
|
| 942 |
|
|
|c BK
|